Sengo Nihon shihon shugishi /
Saved in:
| Main Author: | |
|---|---|
| Format: | Book |
| Language: | Japanese |
| Published: |
Tōkyō :
Nihon Hyōronsha,
Shōwa 58 [1983]
|
| Edition: | Dai 1-han. |
| Series: | Sengoshi sōsho.
|
| Subjects: | |
| Tags: |
Add Tag
No Tags, Be the first to tag this record!
|
| LEADER | 01190nam a2200361 a 4500 | ||
|---|---|---|---|
| 001 | 007765542-7 | ||
| 005 | 20024617115255.0 | ||
| 008 | 840531s1983 ja a b 001 0 jpn | ||
| 010 | |a 84168353 /AJ/r90 | ||
| 020 | |c Y2800 | ||
| 035 | 0 | |a ocm13184714 | |
| 040 | |a DLC |c DLC |d OCoLC |d *YNH* |d CStRLIN | ||
| 043 | |a a-ja--- | ||
| 050 | 0 | 0 | |a HC462.9 |b .M286 1983 |
| 100 | 1 | |6 880-01 |a Masamura, Kimihiro, |d 1931- | |
| 245 | 1 | 0 | |6 880-02 |a Sengo Nihon shihon shugishi / |c Masamura Kimihiro cho. |
| 250 | |6 880-03 |a Dai 1-han. | ||
| 260 | |6 880-04 |a Tōkyō : |b Nihon Hyōronsha, |c Shōwa 58 [1983] | ||
| 300 | |a ix, 286 p. : |b ill. ; |c 22 cm. | ||
| 490 | 1 | |6 880-05 |a Sengoshi sōsho | |
| 504 | |a Bibliography: p. 271-274. | ||
| 500 | |a Includes index. | ||
| 651 | 0 | |a Japan |x Economic policy |y 1945-1989. | |
| 650 | 0 | |a Capitalism |x History. | |
| 880 | 1 | |6 100-01 |a 正村公宏, |d 1931- | |
| 880 | 1 | 0 | |6 245-02 |a 戦後日本資本主義史 / |c 正村公宏著. |
| 880 | |6 250-03 |a 第1版. | ||
| 880 | |6 260-04 |a 東京 : |b 日本評論社, |c 昭和58 [1983] | ||
| 880 | 1 | |6 490-05 |a 戦後史双書 | |
| 830 | 0 | |6 880-55 |a Sengoshi sōsho. | |
| 880 | 0 | |6 830-55 |a 戦後史双書. | |
| 988 | |a 20021127 | ||
| 906 | |0 DLC | ||


